La ilustración del Pacífico (Record no. 1655)

MARC details
000 -LEADER
campo de control de longitud fija 00538nam a2200145 4500
008 - DATOS DE LONGITUD FIJA--INFORMACIÓN GENERAL
campo de control de longitud fija 708 B276i
020 ## - NÚMERO INTERNACIONAL ESTÁNDAR DEL LIBRO
Número Internacional Estándar del Libro 9789968899253
082 ## - NÚMERO DE LA CLASIFICACIÓN DECIMAL DEWEY
Número de clasificación 708
Número de ítem B276i
100 ## - ENTRADA PRINCIPAL--NOMBRE DE PERSONA
Nombre de persona Barrios, Moisés
9 (RLIN) 6760
245 ## - MENCIÓN DEL TÍTULO
Título La ilustración del Pacífico
260 ## - PUBLICACIÓN, DISTRIBUCIÓN, ETC.
Lugar de publicación, distribución, etc. San José, Costa Rica
Nombre del editor, distribuidor, etc. TEOR/éTica
Fecha de publicación, distribución, etc. 2007
300 ## - DESCRIPCIÓN FÍSICA
Extensión 35 p.
Otras características físicas ill (col)
Dimensiones 20,4 x 21,5 cm
505 ## - NOTA DE CONTENIDO CON FORMATO
Título El Pacífico ajeno
Mención de responsabilidad Virginia Pérez-Ratton
Título Tras las huellas de una modernidad fragmentada
Mención de responsabilidad Anabella Acevedo
650 ## - PUNTO DE ACCESO ADICIONAL DE MATERIA--TÉRMINO DE MATERIA
Subdivisión general arte contemporáneo
-- arte - exhibiciones
-- arte - pintura
-- Guatemala
9 (RLIN) 6761
Holdings
Estatus retirado Estado de pérdida Fuente del sistema de clasificación o colocación Estado de daño No para préstamo Biblioteca de origen Biblioteca actual Ubicación en estantería Fecha de adquisición Total de préstamos Signatura topográfica completa Código de barras Visto por última vez Precio de reemplazo Tipo de ítem Koha
    Clasificación Decimal Dewey     Biblioteca LadoV Biblioteca LadoV   01/11/2018   708 B276i 002057 01/11/2018 01/11/2018 Material 01
    Clasificación Decimal Dewey     Biblioteca LadoV Biblioteca LadoV   01/11/2018   708 B276i 002081 01/11/2018 01/11/2018 Material 01